[Event "AUTO-OPEN-1446"]
[Site "http://www.queenalice.com/game.php?id=542295"]
[Date "2009.2.18"]
[Round "1"]
[White "Granger2009"]
[Black "Melchiorvsky"]
[Result "1/2-1/2"]
[WhiteElo "1969"]
[BlackElo "1530"]

1. d4 d5 2. Bg5 Nd7 3. Nd2 Ngf6 4. f3 h6 5. Bh4 e5 6. c3 Be7 7. e4 O-O 8. Bd3 b6
9. Ne2 Bb7 10. O-O Rc8 11. Bc2 dxe4 12. fxe4 Re8 13. d5 Nf8 14. h3 Ng6 15. Bf2
Nh5 16. a4 Nhf4 17. Nxf4 Nxf4 18. Bg3 Bc5+ 19. Kh1 Nh5 20. Bh2 Nf6 21. b4 Be3
1/2-1/2

[Event "AUTO-OPEN-1446"]
[Site "http://www.queenalice.com/game.php?id=542296"]
[Date "2009.2.18"]
[Round "1"]
[White "Melchiorvsky"]
[Black "XaraX"]
[Result "1-0"]
[WhiteElo "1568"]
[BlackElo "1765"]

1. e4 e5 2. Nf3 Nc6 3. Bb5 Nge7 4. O-O g6 5. c3 a6 6. Ba4 b5 7. Bb3 Bg7 8. d4 d6
9. Ng5 O-O 10. Qf3 exd4 11. Nxf7 Rxf7 12. Qxf7+ Kh8 13. Bg5 Qf8 14. Qxf8+ Bxf8
15. Bd5 Nxd5 16. exd5 dxc3 17. Nxc3 Bg7 18. dxc6 Bf5 19. Nd5 Bxb2 20. Rad1 Re8
21. Nxc7 Rc8 22. Rxd6 Rxc7 23. Bf6+ Bxf6 24. Rxf6 Kg7 25. Rd6 Kf7 26. Re1 b4 27.
h3 a5 28. g4 Bc2 29. Rd7+ Rxd7 30. cxd7 1-0

[Event "AUTO-OPEN-1446"]
[Site "http://www.queenalice.com/game.php?id=542297"]
[Date "2009.2.18"]
[Round "1"]
[White "XaraX"]
[Black "Melchiorvsky"]
[Result "1-0"]
[WhiteElo "1840"]
[BlackElo "1544"]

1. d4 d5 2. c4 c6 3. Nc3 Nf6 4. Bg5 e6 5. Nf3 h6 6. Bh4 g5 7. Bg3 dxc4 8. e3 b5
9. Be2 Bb4 10. O-O Nbd7 11. a3 Ba5 12. a4 Bb7 13. axb5 cxb5 14. Nxb5 a6 15. Nd6+
Ke7 16. Nxb7 1-0

[Event "Let's Play Chess!"]
[Site "http://www.queenalice.com/game.php?id=543744"]
[Date "2009.2.20"]
[Round "-"]
[White "Melchiorvsky"]
[Black "axelsun"]
[Result "0-1"]
[WhiteElo "1521"]
[BlackElo "1895"]

1. e4 e5 2. Nf3 Nc6 3. Bb5 a6 4. Ba4 Nf6 5. O-O Bc5 6. Bxc6 dxc6 7. Nxe5 Nxe4 8.
Qe2 Qd5 9. Nd3 Bb6 10. Nc3 Qe6 11. Nxe4 f5 12. Ng3 O-O 13. Qxe6+ Bxe6 14. Nf4
Bd7 15. d3 Bd4 0-1

[Event "AUTO-OPEN-1456"]
[Site "http://www.queenalice.com/game.php?id=546912"]
[Date "2009.2.26"]
[Round "1"]
[White "Canaye"]
[Black "Melchiorvsky"]
[Result "1-0"]
[WhiteElo "1789"]
[BlackElo "1534"]

1. d4 d5 2. c4 Nf6 3. cxd5 Nxd5 4. Nc3 Nc6 5. Nf3 Bg4 6. e3 e5 7. Be2 Bb4 8.
dxe5 Nxc3 9. bxc3 Bxc3+ 10. Bd2 Bxa1 11. Qxa1 Bxf3 12. Bxf3 O-O 13. Bc3 Qg5 14.
O-O Rfe8 15. Bxc6 bxc6 16. Rd1 Rad8 17. Rd4 c5 18. Rc4 Qh5 19. g4 Qg5 20. h3 Re6
21. Rxc5 Rh6 22. Qf1 Qh4 23. Rxc7 Ra6 24. Qxa6 Rd1+ 25. Kg2 h5 26. Rc8+ Kh7 27.
Qe2 Rd7 28. e6 fxe6 29. Qc2+ g6 30. Rh8# 1-0

[Event "AUTO-OPEN-1456"]
[Site "http://www.queenalice.com/game.php?id=546913"]
[Date "2009.2.26"]
[Round "1"]
[White "Melchiorvsky"]
[Black "Canaye"]
[Result "0-1"]
[WhiteElo "1540"]
[BlackElo "1790"]

1. e4 e6 2. Nf3 d5 3. exd5 exd5 4. d4 c5 5. c4 cxd4 6. cxd5 Bb4+ 7. Bd2 Bxd2+ 8.
Qxd2 Nf6 9. Qxd4 Qxd5 10. Bc4 Qxd4 11. Nxd4 O-O 12. O-O Nbd7 13. Nc3 Nb6 14. Bb3
Bd7 15. Rfe1 Rfe8 16. Nce2 Rac8 17. Rac1 Nbd5 18. Rxc8 Rxc8 19. Rd1 Ne7 20. Kf1
Bg4 21. f3 Bf5 22. Nxf5 Nxf5 23. Nd4 Ne3+ 24. Ke2 Nxd1 25. Kxd1 Rd8 0-1

[Event "AUTO-OPEN-1456"]
[Site "http://www.queenalice.com/game.php?id=546932"]
[Date "2009.2.26"]
[Round "1"]
[White "Matuto_do_Vale"]
[Black "Melchiorvsky"]
[Result "1-0"]
[WhiteElo "1768"]
[BlackElo "1584"]

1. b3 e5 2. Bb2 Nc6 3. e3 d5 4. Bb5 Bd6 5. Bxc6+ bxc6 6. d3 Nf6 7. h3 O-O 8. Nd2
c5 9. c4 d4 10. exd4 cxd4 11. Ngf3 Bb7 12. O-O Nh5 13. Rc1 Qf6 14. Ne4 Bxe4 15.
dxe4 Qg6 16. Nh4 Qxe4 17. Qxh5 f5 18. Rfe1 Qb7 19. Nxf5 Bb4 20. Rxe5 Rf6 21.
Re8+ Rxe8 22. Qxe8+ Rf8 23. Ne7+ 1-0

[Event "AUTO-OPEN-1456"]
[Site "http://www.queenalice.com/game.php?id=546933"]
[Date "2009.2.26"]
[Round "1"]
[White "Melchiorvsky"]
[Black "Matuto_do_Vale"]
[Result "0-1"]
[WhiteElo "1575"]
[BlackElo "1777"]

1. e4 c5 2. Nc3 Nc6 3. Bb5 a6 4. Bxc6 bxc6 5. Nf3 d5 6. exd5 cxd5 7. d4 c4 8.
O-O g6 9. Re1 Bg7 10. b3 cxb3 11. axb3 Bg4 12. Qd3 Bxf3 13. gxf3 Nh6 14. Ba3 Nf5
15. Ne2 O-O 16. Ng3 Nxg3 17. Bxe7 Qb6 18. Bc5 Qb5 19. Qxb5 axb5 20. Bxf8 Bxf8
21. Rxa8 Nf5 22. Ree8 Nxd4 23. Rxf8+ Kg7 0-1

[Event "AUTO-OPEN-1456"]
[Site "http://www.queenalice.com/game.php?id=546942"]
[Date "2009.2.26"]
[Round "1"]
[White "micoprego"]
[Black "Melchiorvsky"]
[Result "1-0"]
[WhiteElo "2123"]
[BlackElo "1565"]

1. e4 c5 2. Nf3 Nc6 3. Bb5 d6 4. Bxc6+ bxc6 5. d3 e5 6. O-O Be7 7. Nc3 Nf6 8.
Nd2 Ba6 9. Nc4 O-O 10. Qf3 Bxc4 11. dxc4 Re8 12. Rd1 h6 13. Ne2 Rb8 14. b3 Nh7
15. Ng3 Ng5 16. Qd3 g6 17. h4 Nh7 18. Bxh6 1-0

[Event "AUTO-OPEN-1456"]
[Site "http://www.queenalice.com/game.php?id=546943"]
[Date "2009.2.26"]
[Round "1"]
[White "Melchiorvsky"]
[Black "micoprego"]
[Result "0-1"]
[WhiteElo "1567"]
[BlackElo "2122"]

1. e4 e5 2. Nf3 Nc6 3. Bb5 a6 4. Ba4 b5 5. Bb3 Na5 6. O-O Nxb3 7. axb3 d5 8.
Nxe5 dxe4 9. Re1 Bd6 10. Rxe4 Be6 11. d4 Ne7 12. Nc3 b4 13. Ne2 Bd5 14. Re3 O-O
15. f4 Nf5 16. Rd3 Be4 17. Rh3 c5 18. Be3 Qe7 0-1

[Event "AUTO-INT-1220"]
[Site "http://www.queenalice.com/game.php?id=547178"]
[Date "2009.2.26"]
[Round "1"]
[White "Melchiorvsky"]
[Black "pauldavidkrewson"]
[Result "0-1"]
[WhiteElo "1490"]
[BlackElo "1540"]

1. e4 e5 2. Nf3 d6 3. Bc4 c5 4. Ng5 Be6 5. Bxe6 fxe6 6. Nxe6 Qe7 7. Nxf8 Qxf8 8.
O-O Nc6 9. d3 O-O-O 10. f4 Nf6 11. fxe5 dxe5 12. Nc3 Rd4 13. Nd5 Qd6 14. c3 Rxd5
0-1

[Event "AUTO-INT-1220"]
[Site "http://www.queenalice.com/game.php?id=547191"]
[Date "2009.2.26"]
[Round "1"]
[White "PGeon"]
[Black "Melchiorvsky"]
[Result "1-0"]
[WhiteElo "1644"]
[BlackElo "1533"]

1. d4 d5 2. Nc3 Nf6 3. g3 e6 4. Bg2 c5 5. dxc5 Bxc5 6. h3 O-O 7. Bg5 Nbd7 8. Nf3
Qb6 9. e3 Qxb2 10. Bxf6 Nxf6 11. Na4 Bb4+ 12. Nd2 Qa3 13. c3 Bxc3 14. Nxc3 Qxc3
15. O-O Nd7 16. Nb3 1-0

[Event "AUTO-INT-1220"]
[Site "http://www.queenalice.com/game.php?id=547192"]
[Date "2009.2.26"]
[Round "1"]
[White "Melchiorvsky"]
[Black "PGeon"]
[Result "0-1"]
[WhiteElo "1545"]
[BlackElo "1632"]

1. d4 f5 2. Nc3 e6 3. e4 Bb4 4. Bd3 Bxc3+ 5. bxc3 c6 6. c4 Qb6 7. c3 fxe4 8.
Bxe4 Nf6 9. Bc2 d5 10. Bg5 Nbd7 11. Nf3 c5 12. cxd5 Nxd5 13. Rb1 Qa6 14. Qd3
Qxa2 15. O-O h6 0-1

[Event "AUTO-INT-1220"]
[Site "http://www.queenalice.com/game.php?id=547201"]
[Date "2009.2.26"]
[Round "1"]
[White "Melchiorvsky"]
[Black "celsoMartins"]
[Result "0-1"]
[WhiteElo "1512"]
[BlackElo "1739"]

1. e4 c5 2. Nf3 Nc6 3. d4 cxd4 4. Nxd4 Nf6 5. Nc3 e6 6. Bg5 Be7 7. Bb5 Nxd4 8.
Qxd4 a6 9. Be2 O-O 10. O-O-O b5 11. a3 Qc7 12. e5 Bc5 13. Qh4 Qxe5 0-1

[Event "AUTO-INT-1220"]
[Site "http://www.queenalice.com/game.php?id=547202"]
[Date "2009.2.26"]
[Round "1"]
[White "celsoMartins"]
[Black "Melchiorvsky"]
[Result "1-0"]
[WhiteElo "1732"]
[BlackElo "1519"]

1. d4 Nf6 2. c4 e6 3. Nc3 Bb4 4. Bg5 O-O 5. Nf3 d6 6. e4 h6 7. Bh4 Nbd7 8. e5
dxe5 9. dxe5 g5 10. Nxg5 Bxc3+ 11. bxc3 Nxe5 12. Qxd8 Rxd8 13. Ne4 Nxe4 14. Bxd8
1-0

[Event "Super simultan 13"]
[Site "http://www.queenalice.com/game.php?id=548408"]
[Date "2009.3.1"]
[Round "-"]
[White "Melchiorvsky"]
[Black "Gambitshark"]
[Result "0-1"]
[WhiteElo "1592"]
[BlackElo "2802"]

1. d4 d5 2. c4 e5 3. dxe5 d4 4. Nf3 Nc6 5. Nbd2 Bg4 6. g3 Qd7 7. h3 Bh5 8. g4
Bg6 9. Nh4 Nxe5 10. Nxg6 hxg6 11. Qb3 Qc6 12. Rg1 O-O-O 13. f4 Nd7 14. Bg2 Qa6
15. Ne4 c6 16. Bd2 d3 17. Qxd3 Nb6 18. Qb3 Nxc4 19. O-O-O Nf6 20. Bc3 Nd5 0-1

[Event "Super simultan 17"]
[Site "http://www.queenalice.com/game.php?id=548413"]
[Date "2009.3.1"]
[Round "-"]
[White "Gambitshark"]
[Black "Melchiorvsky"]
[Result "1-0"]
[WhiteElo "2803"]
[BlackElo "1590"]

1. e4 c5 2. Nf3 Nc6 3. d4 cxd4 4. Nxd4 Nf6 5. Nc3 e5 6. Ndb5 d6 7. Nd5 Nxd5 8.
exd5 Nb8 9. Qf3 Be7 10. Qc3 Na6 11. Be3 O-O 12. Nxa7 f5 13. Bxa6 f4 14. Bc5 bxa6
15. Nc6 Qc7 16. Qb3 Bd8 17. Ba3 Bg5 18. h4 Bd8 19. O-O-O Bf5 20. Kb1 a5 21. g3
f3 22. Rhe1 1-0

[Event "Let's Play Chess!"]
[Site "http://www.queenalice.com/game.php?id=555377"]
[Date "2009.3.13"]
[Round "-"]
[White "Melchiorvsky"]
[Black "Bergman"]
[Result "0-1"]
[WhiteElo "1586"]
[BlackElo "2576"]

1. d4 Nf6 2. c4 e5 3. Nf3 Bb4+ 4. Nc3 exd4 5. Qxd4 Nc6 6. Qe3+ Be7 7. Nd5 O-O 8.
Bd2 Re8 9. Qf4 Nxd5 10. cxd5 Bd6 0-1